Bad Bunny - El Último Tour Del Mundo Album - Statistics

General Stats
  • This quiz has been taken 139 times
  • The average score is 11 of 16
Answer Stats
# Track Name % Correct
5 LA NOCHE DE ANOCHE
82%
9 BOOKER T
81%
11 DÁKITI
81%
14 120
74%
7 YO VISTO ASÍ
72%
2 TE MUDASTE
71%
16 CANTARES DE NAVIDAD
69%
3 HOY COBRÉ
67%
1 EL MUNDO ES MÍO
65%
12 TRELLAS
65%
8 HACIENDO QUE ME AMAS
63%
15 ANTES QUE SE ACABE
61%
13 SORRY PAPI
61%
10 LA DROGA
57%
4 MALDITA POBREZA
57%
6 TE DESEO LO MEJOR
51%
No matching quizzes found
Score Distribution
Percent of People with Each Score
Percentile by Number Answered
Your Score History
You have not taken this quiz